header

Working with problem faculty (Record no. 107933)

MARC details
000 -LEADER
fixed length control field 01261nam a2200325Ia 4500
082 04 - DEWEY DECIMAL CLASSIFICATION NUMBER
Classification number 378.1/1
100 1# - MAIN ENTRY--AUTHOR NAME
Personal name Crookston, Robert Kent,
245 10 - TITLE STATEMENT
Title Working with problem faculty
260 ## - PUBLICATION, DISTRIBUTION, ETC. (IMPRINT)
Place of publication San Francisco :
Name of publisher Jossey-Bass,
Year of publication 2012.
300 ## - PHYSICAL DESCRIPTION
Number of Pages viii, 226 p.
500 ## - GENERAL NOTE
General note Includes index.
650 #0 - SUBJECT ADDED ENTRY--TOPICAL TERM
Topical Term College personnel management.
Topical Term College department heads
Topical Term Problem employees.
856 40 - ELECTRONIC LOCATION AND ACCESS
Uniform Resource Identifier http://site.ebrary.com/lib/rucke/Doc?id=10587599

No items available.

© 2026 Rongo University
Contact us: librarian | system librarian | Rongo university